| 000 | 01318nam a22003734a 4500 | ||
|---|---|---|---|
| 001 | 991007926469706706 | ||
| 003 | ES-BaIT | ||
| 005 | 20251009134224.0 | ||
| 008 | 930118s1975 sp |||||| |00| ||spa|c | ||
| 020 | _a8424500210 | ||
| 035 | _a(ES-BaCBU).b11842040 | ||
| 035 | _a(OCoLC)802428049 | ||
| 040 |
_aES-BaCBU _bcat _cES-BaCBU |
||
| 080 | _a792 | ||
| 100 | 1 |
_aMeyerhold, V. E. _q(Vsevolod Emilievitx), _d1874-1940 _976618 |
|
| 245 | 1 | 0 |
_aTeoría teatral / _cV.E. Meyerhold ; traducción Agustín Barreno ; selección y notas Cristina Vizcaíno |
| 260 |
_aMadrid : _bFundamentos, _c1975 |
||
| 300 |
_a224 p. ; _c20 cm |
||
| 500 | _aReimpressions: 1986 | ||
| 500 | _aReimpressions: 1975, 1982, 2008, 2013 | ||
| 650 | 7 |
_aTeatre _2thub |
|
| 650 | 0 | 7 |
_aTeatre _xTeoria i estètica _957803 |
| 700 | 1 |
_aVizcaino, Cristina _952009 |
|
| 830 | 0 |
_aColección Arte (Editorial Fundamentos). _pSerie Teatro _v3 _9143278 |
|
| 908 |
_aUAB _aCDMAE |
||
| 942 |
_2udc _c1 |
||
| 949 |
_61900076046 _9ED. 1975 _a792.01 MEY _oDonació de Jordi López Mestres |
||
| 949 |
_61900064421 _a792.01 MEY |
||
| 949 |
_61900062426 _95a ed. _a792.01 MEY |
||
| 949 |
_61900065525 _99a ed. _a792.01 MEY |
||
| 949 |
_61900022155 _a792.01 MEY _oR.25.902 |
||
| 949 |
_61900012914 _aN-36854 _oR.74 |
||
| 949 |
_61900012920 _a792.01 MEY _oR.1.060 |
||
| 999 |
_c136659 _d136659 |
||